[Event "Troy (US Am N/4/26)"]
[Site "?"]
[Date "1995.??.??"]
[Round "?"]
[White "Goerke, Jesse"]
[Black "Morris, Jewell"]
[Result "0-1"]
[WhiteElo "1605"]
[BlackElo "1850"]
[PlyCount "114"]
[EventDate "1995.??.??"]

{4/(26)} 1. e4 c5 2. Nf3 d6 3. Bc4 Nf6 4. Nc3 Nc6 5. d3 Bg4 6. Nd5 Nxd5 7. Bxd5
e6 8. Bxc6+ bxc6 9. h3 Bxf3 10. Qxf3 g6 11. b3 Bg7 12. Rb1 Qa5+ 13. Bd2 Qxa2
14. O-O Qxc2 15. Bf4 Rd8 16. e5 O-O 17. exd6 e5 18. Rfc1 Qa2 19. Be3 Rxd6 20.
Bxc5 Rf6 21. Qe3 Ra8 22. Rf1 Re6 23. f4 exf4 24. Qxf4 Rf6 25. Qc4 Re8 26. Rxf6
Bxf6 27. Rf1 Re2 28. Qg4 Kg7 29. Qf3 Qb2 30. Bxa7 Re6 31. d4 Bxd4+ 32. Bxd4+
Qxd4+ 33. Qf2 Qxf2+ 34. Rxf2 Re1+ 35. Kh2 Rc1 36. g4 Rc3 37. b4 Rc4 38. Rb2 f5
39. gxf5 gxf5 40. Kg3 Kf6 41. Kf3 Ke5 42. Re2+ Re4 43. Rxe4+ fxe4+ 44. Ke3 h6
45. h4 h5 46. Ke2 Kf4 47. Kd2 Kf3 48. Ke1 e3 49. Kd1 Kf2 50. b5 cxb5 51. Kc2 e2
52. Kb3 e1=Q 53. Ka2 Qb4 54. Ka1 Ke2 55. Ka2 Kd2 56. Ka1 Kc2 57. Ka2 Qa4# 0-1

[Event "Troy (US Am N/1/38)"]
[Site "?"]
[Date "1995.??.??"]
[Round "?"]
[White "Goerke, Jesse"]
[Black "Moore, Robert"]
[Result "0-1"]
[WhiteElo "1605"]
[BlackElo "1715"]
[PlyCount "92"]
[EventDate "1995.??.??"]

{1/(38)} 1. e4 c5 2. Nf3 d6 3. Bc4 e6 4. Nc3 Nf6 5. O-O Be7 6. e5 dxe5 7. Nxe5
O-O 8. d3 Nbd7 9. Nxd7 Bxd7 10. Ne4 Nxe4 11. dxe4 Bc6 12. Qxd8 Raxd8 13. Re1 b5
14. Be2 Bxe4 15. Bxb5 Bxc2 16. Bf4 Bd6 17. Bxd6 Rxd6 18. Rac1 Rd2 19. Re5 Rc8
20. Bd7 Rc7 21. Bb5 Kf8 22. h3 Ke7 23. a3 Rd1+ 24. Rxd1 Bxd1 25. b4 c4 26. Rc5
Rxc5 27. bxc5 c3 28. Bd3 c2 29. Bxc2 Bxc2 30. c6 Kd6 31. f4 Kxc6 32. g4 Kb5 33.
Kg2 Ka4 34. Kg3 Kxa3 35. h4 Kb4 36. h5 a5 37. g5 a4 38. h6 g6 39. Kf3 a3 40.
Ke3 Kc3 41. Ke2 a2 42. Kf2 a1=Q 43. f5 Qa7+ 44. Kg3 Qe3+ 45. Kg4 Bxf5+ 46. Kh4
Qh3# 0-1

[Event "Detroit (MI Action/2/22)"]
[Site "?"]
[Date "1995.??.??"]
[Round "?"]
[White "Goerke, Jesse"]
[Black "McNair, Shawn"]
[Result "1-0"]
[WhiteElo "1605"]
[BlackElo "1605"]
[PlyCount "68"]
[EventDate "1995.??.??"]

{2/(22)} 1. e4 e5 2. Nf3 Nc6 3. Nc3 Nf6 4. Bc4 Nxe4 5. Nxe4 d5 6. Bxd5 Qxd5 7.
d3 Bg4 8. Bg5 Bxf3 9. Qxf3 Nd4 10. Nf6+ Kd8 11. Nxd5+ Kc8 12. Qh3+ f5 13. O-O-O
h6 14. c3 Nb5 15. Qxf5+ Kb8 16. Be3 b6 17. a4 Nd6 18. Qd7 Ne8 19. Qxe8+ Kb7 20.
Qxe5 Rc8 21. Bf4 Bd6 22. Qxg7 Bxf4+ 23. Nxf4 Rcg8 24. Qd4 Rd8 25. Qe4+ Kb8 26.
Qb4 Rhf8 27. Ne2 Rxf2 28. a5 Rxe2 29. Rde1 Rde8 30. c4 c5 31. Rxe2 cxb4 32.
Rxe8+ Kc7 33. Re7+ Kd8 34. Rxa7 b3 1-0

[Event "Detroit (MI Team/3/2/4)"]
[Site "?"]
[Date "1995.??.??"]
[Round "?"]
[White "Goerke, Jesse"]
[Black "Mankiewicz, Ryan"]
[Result "0-1"]
[WhiteElo "1605"]
[BlackElo "1900"]
[PlyCount "90"]
[EventDate "1995.??.??"]

{3/2} 1. e4 e6 2. d3 d5 3. exd5 exd5 4. Nc3 Nf6 5. Bg5 Be7 6. Qe2 O-O 7. Bxf6
Bxf6 8. O-O-O Re8 9. Qf3 Bxc3 10. bxc3 Re6 11. c4 d4 12. Qd5 Rd6 13. Qe4 Nc6
14. g3 Nb4 15. a3 Na2+ 16. Kd2 Nc3 17. Qh4 Qxh4 18. gxh4 Nxd1 19. Kxd1 Ra6 20.
Nf3 Bg4 21. Be2 Rxa3 22. Nxd4 Ra1+ 23. Kd2 Rxh1 24. Bxg4 Rxh2 25. h5 Rxf2+ 26.
Ke3 Rf6 27. Nb5 Re8+ 28. Kd2 Rf4 29. Nxc7 Rd8 30. Bh3 Rxc4 31. Kc1 Rxc7 32. c4
Rxd3 33. Bf1 Rf3 34. Be2 Rf2 35. Bd3 Rc5 36. h6 Rg5 37. Bc2 Rg1+ 38. Bd1 Rff1
39. hxg7 Rxd1+ 40. Kc2 Rdf1 41. c5 Rf3 42. Kd2 Rg2+ 43. Ke1 Rff2 44. c6 bxc6
45. Kd1 Rg1# 0-1

[Event "Detroit (CMS Jun/3/3/1)"]
[Site "?"]
[Date "1995.??.??"]
[Round "?"]
[White "Goerke, Jesse"]
[Black "Luckett, A."]
[Result "0-1"]
[WhiteElo "1605"]
[BlackElo "1605"]
[PlyCount "84"]
[EventDate "1995.??.??"]

{3/3} 1. e4 c5 2. Nf3 Nc6 3. Bb5 Nf6 4. Bxc6 bxc6 5. Nc3 g6 6. d3 Bg7 7. Bg5
O-O 8. Bxf6 Bxf6 9. O-O Qa5 10. Qd2 Rb8 11. e5 Bg7 12. Rab1 f6 13. exf6 Bxf6
14. Qh6 c4 15. Ne4 Bg7 16. Qg5 d5 17. Nc3 Rf5 18. Qg3 Rb4 19. Rfe1 Bxc3 20.
bxc3 Rxb1 21. Rxb1 Qxa2 22. Re1 Qxc2 23. Nd4 Qxc3 24. Qe3 Rf4 25. Rc1 Qxd4 26.
Qxd4 Rxd4 27. Re1 cxd3 28. h3 d2 29. Rd1 c5 30. Kf1 Ba6+ 31. Kg1 c4 32. g4 c3
33. Kg2 Be2 34. Rb1 d1=Q 35. Rxd1 Rxd1 36. Kg3 c2 37. Kh4 c1=Q 38. Kg3 Rg1+ 39.
Kh2 Bxg4 40. hxg4 Rxg4 41. Kh3 Qg1 42. f3 Qg2# 0-1

[Event "Detroit (WCO/5/11)"]
[Site "?"]
[Date "1995.??.??"]
[Round "?"]
[White "Goerke, Jesse"]
[Black "Hill, Brad"]
[Result "0-1"]
[WhiteElo "1605"]
[BlackElo "1605"]
[PlyCount "58"]
[EventDate "1995.??.??"]

{5/(11)} 1. e4 c5 2. Nf3 Nc6 3. Bb5 d6 4. Bxc6+ bxc6 5. O-O Nf6 6. d3 g6 7. Nc3
Bg7 8. Bg5 O-O 9. Bxf6 Bxf6 10. d4 cxd4 11. Nxd4 c5 12. Nf3 Rb8 13. Rb1 Qa5 14.
Qd2 Rxb2 15. Nd5 Qxd2 16. Nxd2 Rxb1 17. Nxb1 Kg7 18. Nxf6 Kxf6 19. Nc3 Be6 20.
Nb5 Bc4 21. Nxa7 Bxf1 22. Kxf1 Ra8 23. Nb5 Rxa2 24. Nc7 Rxc2 25. e5+ Kxe5 26.
g3 c4 27. f4+ Ke4 28. h4 Kf3 29. g4 Rc1# 0-1

[Event "Detroit (MI Action/6/14)"]
[Site "?"]
[Date "1995.??.??"]
[Round "?"]
[White "Goerke, Jesse"]
[Black "Akinlua, T."]
[Result "1-0"]
[WhiteElo "1605"]
[BlackElo "1605"]
[PlyCount "43"]
[EventDate "1995.??.??"]

{6/(14)} 1. e4 e5 2. Nf3 Nc6 3. Nc3 Nf6 4. Bc4 g6 5. d3 Bg7 6. Bg5 O-O 7. O-O
Ne7 8. Nxe5 d5 9. exd5 Qd6 10. Bxf6 Bxf6 11. Nf3 c6 12. dxc6 Nxc6 13. Ne4 Qc7
14. Nxf6+ Kh8 15. Qd2 Ne5 16. Nxe5 Qxe5 17. Ng4 Qd6 18. Nh6 b5 19. Bxf7 Bd7 20.
Qe3 Rac8 21. Rab1 Qe5 22. Qxe5# 1-0

[Event "Detroit (MI Action/5/23)"]
[Site "?"]
[Date "1995.??.??"]
[Round "?"]
[White "Goerke, Daniel"]
[Black "Trice, Shevonne"]
[Result "1-0"]
[WhiteElo "1605"]
[BlackElo "1605"]
[PlyCount "87"]
[EventDate "1995.??.??"]

{5/(23)} 1. e4 e5 2. Nf3 Nc6 3. Bb5 a6 4. Bxc6 dxc6 5. Nxe5 Nf6 6. d3 Bb4+ 7.
Bd2 a5 8. Bxb4 axb4 9. c3 Be6 10. cxb4 Qd4 11. Nc3 Qxe5 12. O-O Ng4 13. g3 O-O
14. d4 Qf6 15. f3 Ne3 16. e5 Qf5 17. g4 Qf4 18. Ne2 Qh6 19. Qd3 Nxf1 20. Rxf1
Rad8 21. Rf2 Bxa2 22. Rg2 Qe6 23. Nf4 Qe7 24. Rg3 f6 25. exf6 Rxf6 26. Nh5 Re6
27. Qf5 g6 28. Qa5 gxh5 29. gxh5+ Kf8 30. Qxa2 Qh4 31. Kg2 Rde8 32. Rh3 Qg5+
33. Rg3 Qxh5 34. Rh3 Rg6+ 35. Rg3 Ree6 36. b3 Rh6 37. h3 Qe8 38. Qb2 Re1 39. h4
Rxh4 40. Rh3 Qg6+ 41. Kh2 Rg1 42. Qf2 Qg2+ 43. Qxg2 Rxg2+ 44. Kxg2 1-0

[Event "Detroit (CMS Jun/3/4/5)"]
[Site "?"]
[Date "1995.??.??"]
[Round "?"]
[White "Goerke, Daniel"]
[Black "Sparks, C."]
[Result "1-0"]
[WhiteElo "1605"]
[BlackElo "1605"]
[PlyCount "91"]
[EventDate "1995.??.??"]

{3/4} 1. e4 e5 2. Nf3 Nc6 3. Bb5 f6 4. O-O a6 5. Bxc6 bxc6 6. Nc3 d5 7. exd5
cxd5 8. d4 e4 9. Nh4 g5 10. Nf3 exf3 11. Qxf3 Ne7 12. Qxf6 Rg8 13. Bxg5 Rg7 14.
Nxd5 Rg6 15. Qf4 Nxd5 16. Rfe1+ Be6 17. Qe5 Bd6 18. Qh8+ Rg8 19. Qxg8+ Bf8 20.
Qxe6+ Ne7 21. Rad1 Qd6 22. Qxd6 cxd6 23. Re2 Rc8 24. c3 h6 25. Bf4 Kd7 26. g4
Nd5 27. Re4 Be7 28. Bxh6 Rg8 29. c4 Nb6 30. c5 dxc5 31. dxc5+ Kc6 32. cxb6 Kxb6
33. Rxe7 Rxg4+ 34. Kf1 Rb4 35. Be3+ Ka5 36. Bd2 Kb5 37. Bxb4 a5 38. b3 axb4 39.
Rb7+ Kc5 40. Rc7+ Kb5 41. Rd5+ Kb6 42. Rdd7 Kb5 43. Rd8 Ka5 44. Ra8+ Kb6 45.
Raa7 Kb5 46. a4+ 1-0

[Event "Detroit (MI Action/4/21)"]
[Site "?"]
[Date "1995.??.??"]
[Round "?"]
[White "Goerke, Daniel"]
[Black "McNair, Shawn"]
[Result "0-1"]
[WhiteElo "1605"]
[BlackElo "1605"]
[PlyCount "68"]
[EventDate "1995.??.??"]

{4/(21)} 1. e4 e5 2. Nf3 Nc6 3. Bb5 a6 4. Bxc6 dxc6 5. Nxe5 Qg5 6. Ng4 Bxg4 7.
f3 Be6 8. O-O Nf6 9. d3 Qg6 10. Nc3 Bh3 11. Qe2 Bc5+ 12. Kh1 Be6 13. Na4 Ba7
14. f4 Bg4 15. Qd2 b5 16. Nc3 O-O 17. f5 Qh5 18. Re1 Nd7 19. b3 b4 20. Ne2 a5
21. Nf4 Qh4 22. g3 Bf3+ 23. Ng2 Bxg2+ 24. Qxg2 Qf6 25. Rb1 Rae8 26. Bf4 Bb6 27.
Re2 Ne5 28. Bxe5 Qxe5 29. Qh3 g6 30. fxg6 fxg6 31. Rf1 Rxf1+ 32. Qxf1 Rf8 33.
Qh3 Qa1+ 34. Kg2 Qg1# 0-1

[Event "East Lansing (Class A/2/6)"]
[Site "?"]
[Date "1995.??.??"]
[Round "?"]
[White "Gipson, John"]
[Black "Williams, Ken"]
[Result "0-1"]
[WhiteElo "1885"]
[BlackElo "1920"]
[PlyCount "134"]
[EventDate "1995.??.??"]

{2/(6)} 1. d4 Nf6 2. c4 c5 3. d5 b5 4. cxb5 a6 5. b6 a5 6. e3 Qxb6 7. Nc3 Ba6
8. Bd3 g6 9. Nf3 Bg7 10. O-O O-O 11. e4 d6 12. h3 Bxd3 13. Qxd3 Na6 14. a3 Nc7
15. Rb1 Rfb8 16. Be3 Qa6 17. Qd2 Nb5 18. Ne2 Nxe4 19. Qc1 Nf6 20. Bh6 Rb7 21.
Bxg7 Kxg7 22. Ng3 Rab8 23. Qg5 Ng8 24. Rbe1 h6 25. Qg4 Nf6 26. Qh4 Nxd5 27. Re4
Nf6 28. Re3 e6 29. b4 cxb4 30. axb4 axb4 31. Qxb4 Nc7 32. Qa3 Qxa3 33. Rxa3 Rb1
34. Ra7 Rxf1+ 35. Kxf1 Ncd5 36. Ra6 Rb6 37. Ra7 e5 38. Ra4 Rb1+ 39. Ne1 Rb4 40.
Ra6 Rb6 41. Ra4 Rb4 42. Ra6 Rb6 43. Ra4 Nc7 44. Ra7 Ne6 45. Ra1 Nc5 46. Rd1
Nfe4 47. Ne2 Nf6 48. Nc3 Kf8 49. Ra1 Ke7 50. f3 Ke6 51. Ra2 d5 52. Rc2 d4 53.
Nd1 Rd6 54. Nb2 Rc6 55. Ke2 Nb3 56. Nc4 Kd5 57. Kd3 Nh5 58. g3 Nxg3 59. Nxe5
Rxc2 60. Kxc2 Na1+ 61. Kb2 Kxe5 62. Kxa1 Kf4 63. Kb2 Ke3 64. Kc2 Ne2 65. Nd3
Nf4 66. Ne5 Nxh3 67. Nxf7 d3+ 0-1

[Event "East Lansing (Class A/5/4)"]
[Site "?"]
[Date "1995.??.??"]
[Round "?"]
[White "Gipson, John"]
[Black "Skidmore, Mike"]
[Result "0-1"]
[WhiteElo "1885"]
[BlackElo "1945"]
[PlyCount "54"]
[EventDate "1995.??.??"]

{5/(4)} 1. d4 d5 2. Nf3 Nf6 3. c4 c6 4. e3 Bg4 5. Be2 e6 6. O-O Nbd7 7. Nc3 Be7
8. Qb3 Qb6 9. Qd1 Bxf3 10. gxf3 h5 11. c5 Qc7 12. f4 g5 13. fxg5 Ng4 14. f4
Bxg5 15. h3 f5 16. Qe1 O-O-O 17. hxg4 hxg4 18. Kg2 Rh3 19. Rh1 Rdh8 20. Rxh3
Rxh3 21. Bxg4 fxg4 22. Qd1 Nf6 23. Bd2 Qh7 24. Qg1 Qh4 25. Be1 g3 26. fxg5 Rh2+
27. Kf3 Qg4# 0-1

[Event "Troy (TCC/5/3)"]
[Site "?"]
[Date "1995.??.??"]
[Round "?"]
[White "Gipson, John"]
[Black "Moody, David"]
[Result "1/2-1/2"]
[WhiteElo "1890"]
[BlackElo "2000"]
[PlyCount "33"]
[EventDate "1995.??.??"]

{5/(3)} 1. c4 e5 2. Nc3 Nc6 3. g3 g6 4. Bg2 Bg7 5. d3 Nge7 6. Bg5 h6 7. Bd2 O-O
8. Nf3 d6 9. Qc1 Nf5 10. e3 Nb4 11. Qb1 c6 12. a3 Na6 13. O-O Be6 14. b4 Qd7
15. Qc1 Ne7 16. Rb1 d5 17. c5 1/2-1/2

[Event "Troy (TCC/2/4)"]
[Site "?"]
[Date "1995.??.??"]
[Round "?"]
[White "Gipson, John"]
[Black "Hahn, David"]
[Result "0-1"]
[WhiteElo "1890"]
[BlackElo "2240"]
[PlyCount "110"]
[EventDate "1995.??.??"]

{2/(4)} 1. c4 f5 2. Nf3 Nf6 3. d4 g6 4. e3 Bg7 5. Bd3 d6 6. Nc3 c6 7. O-O O-O
8. e4 fxe4 9. Nxe4 Na6 10. Ng3 Bg4 11. Be3 Qd7 12. a3 Nc7 13. Be2 Kh8 14. Re1
b5 15. b3 Rab8 16. Rb1 Rb7 17. Qd2 Rfb8 18. c5 Ncd5 19. Bh6 b4 20. Bxg7+ Kxg7
21. Ba6 Rc7 22. Ng5 h6 23. N5e4 Nxe4 24. Nxe4 bxa3 25. Bc4 Bf5 26. Ra1 Bxe4 27.
Rxe4 Nf6 28. cxd6 exd6 29. Re3 d5 30. Be2 Ne4 31. Qc1 Rf8 32. f3 Nd6 33. Rxa3
Nf5 34. Rd3 Rfc8 35. Ra2 Qe7 36. Qf4 Rb7 37. Rc2 Rb4 38. Qd2 Rb6 39. Kf2 Qh4+
40. Kg1 Rcb8 41. Rb2 R8b7 42. Bf1 Rb4 43. g3 Qf6 44. Qf4 Nxd4 45. Qxf6+ Kxf6
46. Kg2 Rxb3 47. Rdxb3 Rxb3 48. Ra2 Nxf3 49. Rf2 a5 50. Be2 a4 51. Bxf3 Ke5 52.
Ra2 a3 53. Be2 Rb2 54. Rxb2 axb2 55. Bd3 g5 0-1

[Event "Troy (TCC/3/8)"]
[Site "?"]
[Date "1995.??.??"]
[Round "?"]
[White "Gipson, John"]
[Black "Comstock, Ron"]
[Result "1-0"]
[WhiteElo "1890"]
[BlackElo "1870"]
[PlyCount "67"]
[EventDate "1995.??.??"]

{3/(8)} 1. c4 c5 2. Nf3 Nf6 3. Nc3 e6 4. e3 d5 5. d4 Nc6 6. Be2 Be7 7. O-O O-O
8. Re1 cxd4 9. exd4 b6 10. Be3 Ba6 11. Qa4 Bb7 12. Rac1 Na5 13. c5 Ng4 14. b4
Nxe3 15. fxe3 Bc6 16. b5 Be8 17. c6 a6 18. bxa6 Bxc6 19. Bb5 Bxb5 20. Qxb5 Nc4
21. e4 Ba3 22. Rc2 dxe4 23. Nxe4 Nd6 24. Nxd6 Qxd6 25. Rc6 Qb4 26. Qxb6 Qa4 27.
Rb1 Rab8 28. Qxb8 Qxc6 29. Qb7 Qc8 30. Qxc8 Rxc8 31. a7 Bd6 32. Rb6 Rc1+ 33.
Kf2 Rc2+ 34. Kf1 1-0

[Event "Eastpointe (MCO/5/29)"]
[Site "?"]
[Date "1995.??.??"]
[Round "?"]
[White "Gilsinger, J."]
[Black "West, Tony"]
[Result "1/2-1/2"]
[WhiteElo "1605"]
[BlackElo "1615"]
[PlyCount "64"]
[EventDate "1995.??.??"]

{5/(29)} 1. c4 e5 2. g3 Nf6 3. Nc3 Bb4 4. Bg2 c6 5. e3 O-O 6. Nge2 d5 7. cxd5
cxd5 8. d4 exd4 9. Nxd4 Nc6 10. Nxc6 bxc6 11. O-O Re8 12. Ne2 Ba6 13. Bd2 Bxd2
14. Qxd2 Ne4 15. Qc2 Qd7 16. Rfe1 Rac8 17. Rac1 Bb7 18. Nf4 Qd6 19. Red1 Qh6
20. h3 Rcd8 21. Bxe4 dxe4 22. Rxd8 Rxd8 23. Qxe4 Ba8 24. Qe7 Rf8 25. Qxa7 g5
26. Rc4 gxf4 27. Rxf4 Qxh3 28. Qd4 f6 29. Rxf6 Rxf6 30. Qxf6 Qc8 31. Qg5+ Kf7
32. Qh5+ Kg7 1/2-1/2

[Event "Eastpointe (MCO/3/36)"]
[Site "?"]
[Date "1995.??.??"]
[Round "?"]
[White "Gilsinger, J."]
[Black "Rosebrook, G."]
[Result "1/2-1/2"]
[WhiteElo "1605"]
[BlackElo "1605"]
[PlyCount "105"]
[EventDate "1995.??.??"]

{3/(36)} 1. c4 Nf6 2. Nf3 g6 3. g3 Bg7 4. Bg2 O-O 5. O-O d6 6. Nc3 e5 7. d3 Re8
8. Bg5 Nc6 9. Nd5 h6 10. Nxf6+ Bxf6 11. Bxf6 Qxf6 12. Qd2 Kg7 13. e4 Bg4 14.
Ne1 Nd4 15. f3 Bd7 16. Nc2 Ne6 17. Ne3 Qg5 18. h4 Qxg3 19. Qf2 Qxf2+ 20. Kxf2
c6 21. Bh3 Rad8 22. Rg1 Nf4 23. Bxd7 Rxd7 24. Rgd1 h5 25. d4 exd4 26. Rxd4 Re5
27. Rad1 Re6 28. e5 d5 29. Rxf4 Rxe5 30. Rfd4 Rde7 31. R1d3 f5 32. cxd5 c5 33.
Rc4 b6 34. d6 Rd7 35. b4 Re6 36. bxc5 bxc5 37. Rxc5 Rexd6 38. Rxd6 Rxd6 39.
Rc7+ Kf6 40. Nc4 Rd4 41. Rc6+ Kg7 42. Ne3 Rxh4 43. Rc7+ Kh6 44. Rxa7 Rb4 45.
Ra6 Kg5 46. Ng2 h4 47. f4+ Kh5 48. Nxh4 Rxf4+ 49. Nf3 g5 50. Kg3 Rb4 51. Ra5
Rg4+ 52. Kh3 Rf4 53. Kg3 1/2-1/2

[Event "Eastpointe (MCO/1/34)"]
[Site "?"]
[Date "1995.??.??"]
[Round "?"]
[White "Gilsinger, J."]
[Black "Key_Smith, G."]
[Result "0-1"]
[WhiteElo "1605"]
[BlackElo "1735"]
[PlyCount "136"]
[EventDate "1995.??.??"]

{1/(34)} 1. c4 Nf6 2. Nf3 g6 3. g3 Bg7 4. Bg2 O-O 5. O-O d6 6. Nc3 e5 7. d4 Nc6
8. dxe5 Nxe5 9. b3 Ned7 10. Rb1 Nc5 11. Bg5 h6 12. Bxf6 Bxf6 13. Nd5 Bg7 14.
Re1 c6 15. Nf4 Bf5 16. Nd3 Ne4 17. Qc2 Qb6 18. e3 Nc5 19. Rbd1 Nxd3 20. Rxd3
Bxd3 21. Qxd3 Rad8 22. Nd2 Qa5 23. Rc1 Qxa2 24. f4 Qb2 25. Rc2 Qa1+ 26. Kf2 Qa5
27. g4 Rfe8 28. f5 gxf5 29. gxf5 Qe5 30. Nf3 Qe4 31. Qxe4 Rxe4 32. Nd2 Re7 33.
Ne4 Re5 34. Ng3 h5 35. e4 h4 36. Nh5 d5 37. Ke3 d4+ 38. Kd3 Bh6 39. Nf6+ Kg7
40. Nh5+ Kf8 41. Bf3 Ra5 42. Rg2 Ra3 43. Bd1 Ra1 44. Bc2 Rd6 45. e5 Rd8 46. Rg4
Ke7 47. Nf6 Be3 48. Ng8+ Kd7 49. Nf6+ Kc8 50. Rxh4 Bg5 51. Rg4 Bxf6 52. exf6 c5
53. h4 Rh1 54. Ke4 Re1+ 55. Kd3 Re3+ 56. Kd2 Rh3 57. Bd3 Re8 58. Be4 Rh8 59.
Bd5 R3xh4 60. Rxh4 Rxh4 61. Bxf7 Rh8 62. Be6+ Kd8 63. Bd5 b6 64. f7 Ke7 65. Be6
Rf8 66. Kd3 Rxf7 67. Bxf7 Kxf7 68. b4 a5 0-1

[Event "Flint (MI Senior/3/3)"]
[Site "?"]
[Date "1995.??.??"]
[Round "?"]
[White "Gibbs, Tony"]
[Black "Sattler, Peter"]
[Result "0-1"]
[WhiteElo "1605"]
[BlackElo "1780"]
[PlyCount "92"]
[EventDate "1995.??.??"]

{3/(3)} 1. e4 c5 2. Nf3 d6 3. Nc3 Nc6 4. Bc4 e6 5. a3 Nf6 6. d3 Be7 7. O-O O-O
8. Bd2 a6 9. a4 Qb6 10. Qc1 Ng4 11. h3 Nge5 12. Nxe5 Nxe5 13. Bb3 Nxd3 14. cxd3
Qxb3 15. Ra3 Qb6 16. Ne2 Qc7 17. Nf4 Bf6 18. Bc3 Bg5 19. Qe3 Qd8 20. Qg3 e5 21.
Ne2 Bh4 22. Qe3 f5 23. g3 f4 24. gxf4 exf4 25. Nxf4 Bg5 26. Qg3 Rxf4 27. Bd2
Qf6 28. Bxf4 Bxf4 29. Qg2 Qxb2 30. Raa1 Qe5 31. Kh1 Qh5 32. Rg1 Qxh3+ 33. Qxh3
Bxh3 34. Ra3 Bd7 35. a5 Bc6 36. Rg4 g5 37. Ra1 c4 38. Rag1 Kf7 39. f3 cxd3 40.
Rd1 d2 41. Rxf4+ gxf4 42. Rxd2 Ke6 43. Rh2 Rg8 44. Rf2 d5 45. exd5+ Bxd5 46.
Kh2 Rg3 0-1

[Event "Flint (MI Senior/2/6)"]
[Site "?"]
[Date "1995.??.??"]
[Round "?"]
[White "Gibbs, Tony"]
[Black "Rosebrook, G."]
[Result "1-0"]
[WhiteElo "1605"]
[BlackElo "1605"]
[PlyCount "47"]
[EventDate "1995.??.??"]

{2/(6)} 1. e4 c5 2. Nf3 Nc6 3. Bc4 e6 4. d3 Be7 5. a3 Nf6 6. Be3 Ng4 7. Bd2 Qc7
8. Nc3 a6 9. h3 Nge5 10. Nxe5 Nxe5 11. Bf4 Nxd3+ 12. Qxd3 Qxf4 13. g3 Qc7 14.
O-O-O b5 15. Ba2 O-O 16. f4 Rd8 17. e5 Bb7 18. Rh2 g6 19. h4 d6 20. Qe2 Rd7 21.
h5 Rad8 22. hxg6 hxg6 23. Rdh1 f6 24. Rh8+ 1-0

[Event "Eastpointe (EDO/1/8)"]
[Site "?"]
[Date "1995.??.??"]
[Round "?"]
[White "Gentry, Loyd"]
[Black "Walters, G."]
[Result "1-0"]
[WhiteElo "1605"]
[BlackElo "1780"]
[PlyCount "71"]
[EventDate "1995.??.??"]

{1/(8)} 1. e4 c5 2. Nf3 e6 3. c3 d5 4. e5 Nc6 5. d4 cxd4 6. cxd4 Bb4+ 7. Nc3
Nge7 8. a3 Bxc3+ 9. bxc3 Qc7 10. Bd2 Na5 11. Be2 Nc4 12. O-O Bd7 13. Qb3 b5 14.
Bg5 Nc6 15. Bxc4 bxc4 16. Qc2 Na5 17. Nd2 h6 18. Bh4 O-O 19. Rab1 Nc6 20. h3
Rfe8 21. f4 Ne7 22. g4 Ng6 23. Bg3 Rf8 24. f5 exf5 25. gxf5 Ne7 26. f6 gxf6 27.
Rxf6 Kg7 28. Kh2 Be6 29. Rg1 Ng6 30. Bf4 Rh8 31. Rgxg6+ Kf8 32. Rxh6 Rg8 33.
Rh7 Ke7 34. Nf3 Qd7 35. Ng5 Rxg5 36. Bxg5 1-0

[Event "Detroit (MI Action/1/13)"]
[Site "?"]
[Date "1995.??.??"]
[Round "?"]
[White "Gentry, Loyd"]
[Black "Taylor, Walt"]
[Result "1-0"]
[WhiteElo "1610"]
[BlackElo "1605"]
[PlyCount "88"]
[EventDate "1995.??.??"]

{1/(13)} 1. e4 e5 2. Nf3 Nc6 3. Bc4 d6 4. O-O Bg4 5. h3 Bxf3 6. Qxf3 Nf6 7. d3
Nd4 8. Qd1 Be7 9. c3 Nc6 10. f4 Nd7 11. Qb3 O-O 12. Qxb7 Na5 13. Qa6 Nxc4 14.
Qxc4 Nc5 15. fxe5 dxe5 16. Rf3 Qd6 17. b4 Ne6 18. Be3 c5 19. bxc5 Nxc5 20. Bxc5
Qxc5+ 21. Qxc5 Bxc5+ 22. Kf1 Rab8 23. Nd2 Rb2 24. Nc4 Rc2 25. Nxe5 Rxc3 26. Nd7
Rc8 27. Nxc5 R8xc5 28. Kf2 Ra5 29. Ke3 Rc2 30. Rf2 Rc3 31. Rb1 f6 32. g4 Raa3
33. Rd1 Kf7 34. h4 Ke6 35. g5 fxg5 36. hxg5 g6 37. Rf6+ Ke5 38. Rd2 h6 39. Rxg6
hxg5 40. Rxg5+ Ke6 41. Rd5 Rc6 42. Kf4 Rd6 43. d4 Raa6 44. Rxd6+ Rxd6 1-0

[Event "Detroit (CMS Jun/3/2/2)"]
[Site "?"]
[Date "1995.??.??"]
[Round "?"]
[White "Gentry, Loyd"]
[Black "Munsell, T."]
[Result "1/2-1/2"]
[WhiteElo "1605"]
[BlackElo "1605"]
[PlyCount "80"]
[EventDate "1995.??.??"]

{3/2} 1. e4 e5 2. Nf3 Nc6 3. Bc4 Bc5 4. c3 Nf6 5. d4 exd4 6. cxd4 Bb4+ 7. Bd2
Bxd2+ 8. Nbxd2 d5 9. exd5 Nxd5 10. Qb3 Qe7+ 11. Kf1 O-O 12. Bxd5 Qd6 13. Ne4
Qf4 14. Re1 Bg4 15. Neg5 h6 16. Nxf7 Rxf7 17. Bxf7+ Qxf7 18. Qxf7+ Kxf7 19.
Ne5+ Nxe5 20. dxe5 Rd8 21. f3 Be6 22. Kf2 Bxa2 23. Re2 a6 24. Rhe1 Ke6 25. f4
g6 26. g4 Re8 27. Rc2 c6 28. Rd2 Bd5 29. h4 a5 30. h5 gxh5 31. f5+ Kf7 32. gxh5
a4 33. Kg3 b5 34. Kf4 b4 35. Rd4 a3 36. bxa3 bxa3 37. Ra4 a2 38. Rg1 Rb8 39.
Ra7+ Kf8 40. Ra1 Rb4+ 1/2-1/2

[Event "Eastpointe (EDO/4/9)"]
[Site "?"]
[Date "1995.??.??"]
[Round "?"]
[White "Gentry, Loyd"]
[Black "McFolley, John"]
[Result "0-1"]
[WhiteElo "1605"]
[BlackElo "1605"]
[PlyCount "54"]
[EventDate "1995.??.??"]

{4/(9)} 1. e4 c6 2. d4 d5 3. e5 Bf5 4. Nf3 h6 5. Bd3 Bxd3 6. Qxd3 e6 7. O-O Ne7
8. Nbd2 Nd7 9. b3 Ng6 10. Ne1 Be7 11. f4 Qb6 12. f5 exf5 13. Rxf5 Ndxe5 14. Qe3
Ng4 15. Qc3 Bb4 16. Qb2 Qa5 17. c4 Bc3 18. Qc2 Bxd4+ 19. Kh1 Nf2+ 20. Rxf2 Bxf2
21. Nef3 O-O 22. Bb2 Rae8 23. Qf5 Re1+ 24. Nxe1 Qxd2 25. Nd3 dxc4 26. bxc4 Rd8
27. Qxf2 Rxd3 0-1

[Event "Detroit (WCO/2/7)"]
[Site "?"]
[Date "1995.??.??"]
[Round "?"]
[White "Gentry, Loyd"]
[Black "Kane, Paul"]
[Result "1-0"]
[WhiteElo "1605"]
[BlackElo "1605"]
[PlyCount "120"]
[EventDate "1995.??.??"]

{2/(7)} 1. e4 c5 2. Nf3 d6 3. Bc4 e6 4. c3 Nc6 5. d4 Nf6 6. Bd3 cxd4 7. cxd4
Be7 8. O-O a6 9. Re1 b5 10. a4 Bb7 11. axb5 axb5 12. Rxa8 Qxa8 13. Bxb5 O-O 14.
Nc3 Bd8 15. Bg5 h6 16. Bh4 Qa5 17. h3 Qb4 18. Qd2 Na5 19. Re2 Nb3 20. Qe3 Na5
21. Bxf6 Bxf6 22. Qd3 Bc6 23. Bxc6 Nxc6 24. d5 Ne5 25. Nxe5 Bxe5 26. Rc2 Rc8
27. g3 Bxc3 28. Rxc3 Rb8 29. dxe6 fxe6 30. b3 Kf8 31. Qc4 Qxc4 32. bxc4 Rc8 33.
Kg2 Kf7 34. f4 g6 35. Kf3 Rc5 36. Ke3 d5 37. Kd4 Rxc4+ 38. Rxc4 dxc4 39. Kxc4
Kf6 40. Kd4 g5 41. h4 gxf4 42. gxf4 h5 43. Kc5 Ke7 44. Kc6 e5 45. f5 Kf7 46.
Kd5 Kf6 47. Kd6 Kf7 48. Kxe5 Kg7 49. Kf4 Kf7 50. Kg5 Kg7 51. e5 Kf7 52. Kxh5
Kg7 53. Kg5 Kf7 54. h5 Kg7 55. e6 Kf8 56. f6 Kg8 57. h6 Kh8 58. e7 Kh7 59. f7
Kh8 60. f8=Q+ Kh7 1-0

[Event "Troy (US Am N/4/27)"]
[Site "?"]
[Date "1995.??.??"]
[Round "?"]
[White "Gentry, Loyd"]
[Black "Jointer, William"]
[Result "0-1"]
[WhiteElo "1605"]
[BlackElo "1715"]
[PlyCount "98"]
[EventDate "1995.??.??"]

{4/(27)} 1. e4 c5 2. Nf3 Nc6 3. d4 cxd4 4. Nxd4 g6 5. Nc3 Bg7 6. Be3 Nf6 7. Be2
O-O 8. Qd2 d5 9. exd5 Nxd5 10. Nxc6 bxc6 11. Bd4 e5 12. Bc5 Re8 13. O-O-O Be6
14. Bc4 Qa5 15. Bxd5 cxd5 16. Ba3 d4 17. Ne4 Qd5 18. f3 Qxa2 19. Qg5 Rac8 20.
Nd6 f6 21. Qh4 Qb3 22. Nxc8 Rxc8 23. Rd2 Bf5 24. Kb1 Bxc2+ 25. Ka1 Bf5 26. Qe1
Be6 27. Qb1 Bf5 28. Qf1 Bh6 29. f4 Bxf4 30. Rf2 Rc1+ 31. Qxc1 Bxc1 32. Rxf5
Bxb2+ 33. Bxb2 gxf5 34. Rf1 Qc2 35. Ka2 Qc4+ 36. Ka3 Qxf1 37. Kb4 Qxg2 38. Kc4
Qxb2 39. h4 f4 40. h5 f3 41. h6 f2 42. Kd5 f1=Q 43. Ke4 Qf4+ 44. Kd5 Qb3+ 45.
Kd6 e4+ 46. Kc5 Qe5+ 47. Kc6 Qb6+ 48. Kd7 Qec7+ 49. Ke8 Qbb8# 0-1

[Event "Troy (US Am N/5/31)"]
[Site "?"]
[Date "1995.??.??"]
[Round "?"]
[White "Gentry, Loyd"]
[Black "Griffin, John"]
[Result "1-0"]
[WhiteElo "1605"]
[BlackElo "1605"]
[PlyCount "55"]
[EventDate "1995.??.??"]

{5/(31)} 1. e4 c5 2. Nf3 Nc6 3. d4 cxd4 4. Nxd4 Nf6 5. Nc3 e5 6. Nf5 d5 7. Ng3
d4 8. Nb1 Be6 9. Be2 Be7 10. O-O O-O 11. f4 exf4 12. Bxf4 Qb6 13. Kh1 Qxb2 14.
Nd2 b6 15. Nb3 Rfd8 16. Bc1 Qc3 17. Bd2 Qb2 18. Rf3 d3 19. cxd3 Nd4 20. Nxd4
Qxd4 21. Nf5 Bxf5 22. Rxf5 Nxe4 23. dxe4 Qxd2 24. Qf1 Rf8 25. Rd1 Qb4 26. Bc4
Rad8 27. Rxf7 Rxd1 28. Rxf8# 1-0